000 00625cam a2200253 a 4500
001 1982211
003 OSt
005 20160402102020.0
008 890719s1990 nyu 000 1 eng
010 _a 89038089
020 _a0399135081 (alk. paper) :
040 _aSEKU
043 _an-us-wi
050 0 0 _aPS 3569
_b.S61
082 0 0 _a813/.54
_220
100 1 _aSpencer, LaVyrle.
245 1 0 _aBitter sweet /
_cLaVyrle Spencer.
260 _aNew York :
_bPutnam,
_c1990.
300 _a382 p. ;
651 0 _aWisconsin
_xFiction.
655 7 _aLove stories.
_2gsafd
740 0 _aBittersweet.
942 _2lcc
_cGEN
999 _c12404
_d12404